书目信息 |
| 题名: |
煤矸石及其在矿区铁路建设中的应用
|
|
| 作者: | 王喜富 著 | |
| 分册: | ||
| 出版信息: | 北京 煤炭工业出版社 2003.05 |
|
| 页数: | 116页 | |
| 开本: | 20cm | |
| 丛书名: | ||
| 单 册: | ||
| 中图分类: | TD56 | |
| 科图分类: | ||
| 主题词: | 煤矸石--应用--矿区--铁路路基 | |
| 电子资源: | ||
| ISBN: | 7-5020-2298-8 | |
| 000 | 00797nam0 2200229 450 | |
| 001 | 0154543286 | |
| 005 | 20050913094049.73 | |
| 010 | @a7-5020-2298-8@dCNY28.00 | |
| 100 | @a20030908d2003 em y0chiy0110 ea | |
| 101 | 0 | @achi |
| 102 | @aCN@b110000 | |
| 105 | @ay a 000yy | |
| 200 | 1 | @a煤矸石及其在矿区铁路建设中的应用@Amei gan shi ji qi zai kuang qu tie lu jian she zhong de ying yong@f王喜富等著@Fwang xi fu deng zhu |
| 210 | @a北京@c煤炭工业出版社@d2003.05 | |
| 215 | @a116页@d20cm | |
| 320 | @a有书目。 | |
| 330 | @a本书研究了煤矸石基本特征和分类,分析了煤矸石的物理力学性质及其矿物组成、煤矸石自燃机理及其防治措施等内容。 | |
| 606 | 0 | @a煤矸石@x应用@x矿区@x铁路路基 |
| 690 | @aTD56@v4 | |
| 701 | 0 | @a王喜富@Awang xi fu@4著 |
| 801 | 0 | @aCN@bQSSK@c20050913 |
| 905 | @a10447@dTD56@eW391 | |
| 煤矸石及其在矿区铁路建设中的应用/王喜富等著.-北京:煤炭工业出版社,2003.05 |
| 116页;20cm |
| ISBN 7-5020-2298-8:CNY28.00 |
| 本书研究了煤矸石基本特征和分类,分析了煤矸石的物理力学性质及其矿物组成、煤矸石自燃机理及其防治措施等内容。 |
| ● |
| 相关链接 |
|
|
|
正题名:煤矸石及其在矿区铁路建设中的应用
索取号:TD56/W391
 
预约/预借
| 序号 | 登录号 | 条形码 | 馆藏地/架位号 | 状态 | 备注 |
| 1 | 563726 | 205637266 | 自科库501/501自科库 21排1列5层/ [索取号:TD56/W391] | 在馆 | |
| 2 | 563727 | 205637275 | 自科库501/501自科库 21排1列5层/ [索取号:TD56/W391] | 在馆 | |
| 3 | 563728 | 205637284 | 自科库501/501自科库 21排1列5层/ [索取号:TD56/W391] | 在馆 |